Milli mücadele 1919-1922 : (Record no. 14599)

MARC details
000 -BAŞLIK
Sabit Uzunlukta Kontrol Alanı 00757nam a22002417a 4500
999 ## - SİSTEM KONTROL NUMARALARI (KOHA)
Koha Biblionumber 14599
Koha Biblioitemnumber 14599
003 - KONTROL NUMARASI IDENTIFIER
Denetim Alanı MIRAKIL
005 - SON İŞLEM TARİHİ VE ZAMANI
Denetim Alanı 20211108125408.0
008 - SABİT-BOY VERİ ELEMANLARI - GENEL BİLGİLER
Sabit Uzunlukta Kontrol Alanı 211108b tu ||||| |||| 00| 0 tur d
040 ## - KATALOGLAMA KAYNAK
Orijinal Kataloglama Ajansı TR-AnCHP
Metne Dönüştürmek Ajansı TR-AnCHP
041 ## - DİL KODU
Metin / Ses Parça Veya Ayrı Başlığın Dil Kodu Tur
082 ## - DEWEY ONLU SINIFLANDIRMA NUMARASI
Sınıflandırma Numarası 956.1023
Ürün Numarası Ö92m 1989
100 1# - ANA GİRİŞ - KİŞİSEL İSİM
Kişisel Ad Özalp, Kazım
245 10 - BAŞLIK TABLOSU
Başlık Milli mücadele 1919-1922 :
Başlığın Kalan Belgeler /
Sorumluluk Tablosu, Vb Kazım Özalp.
250 ## - EDITION TABLOSU
Baskı Beyanı 2 bs.
260 ## - YAYIN, DAĞITIM, VB
Yayın, Dağıtım, Vb Yeri Ankara:
Yayıncı, Dağıtıcı, Vs Adı Türk Tarih Kurumu,
Yayın, Dağıtım, Vb Tarihi 1989.
300 ## - FİZİKSEL TANIM
Kapsam 211 s.:
Diğer Fiziksel Ayrıntıları blg.;
Boyutlar 24 sm.
490 0# - SERİSİ TABLOSU
Seri Beyanı Türk Tarih Kurumu Yayınları;
Hacim / Ardışık Tanımı xvı. Dizi- Sa. 13
600 14 - KONU KATMA GİRİŞ - KURUMSAL ADI
9 (RLIN) 2264
Kişisel Ad Özalp, Kazım
Bir Adıyla İlişkilendirilen Tarihler 1882-1968
Genel Alt Bölümü Anılar
Kronolojik Alt Bölümü 1919-1922
650 #0 - KONU KATMA GİRİŞ - TOPİKAL DÖNEM
9 (RLIN) 4
Topikal Süreli Veya Coğrafi Ad Giriş Elemanı Türkiye
Genel Alt Bölümü Tarih
Kronolojik Alt Bölümü 1919-1922
650 #0 - KONU KATMA GİRİŞ - TOPİKAL DÖNEM
9 (RLIN) 4
Topikal Süreli Veya Coğrafi Ad Giriş Elemanı Türkiye
Genel Alt Bölümü Tarih
Kronolojik Alt Bölümü Milli Mücadele
Form Alt Bölümü Belgeler
942 ## - EKLENDİ GİRİŞ ELEMANLARI (KOHA)
Sınıflandırma Veya Raf Düzeni Kaynak Dewey Decimal Classification
Koha Öğesi Türü Books
999 ## - SİSTEM KONTROL NUMARALARI (KOHA)
Koha Biblioitemnumber 14599
Holdings
Kalıcı Konum Mevcut Konum Edinme Tarihi Toplam Check-Out'Lar Tam Çağrı Numarası Barkod Tarih Son Görülme Kopya Sayısı İtibaren Geçerli Fiyatlar Sigara Kamu Notu Koha Öğesi Türü
CHP Kütüphanesi CHP Kütüphanesi 11/08/2021   956.1023 Ö92m 1989 020095 11/08/2021 c.2 11/08/2021 Emin Değer Bağışıdır. Books